Представление документа в формате RUSMARC

Поле Инд. ПП Название Значение
Тип записи a
Библиографический уровень a
001 Контрольный номер bd72ad05d3c64456b37526b03bb77271
005 Дата корректировки 20221205143609.4
100 a Данные общей обработки 20180814 ||| 0rusy0189 ca
101 0_ a Язык текста rus
102 a Страна публикации RU
200 1_ f Первые сведения об ответственности Е.И. Колюшин
a Заглавие Проблема конвергенции в конституционном (государственном) праве России
210 1_ d Дата издания 2018
461 _0 1 2000
a Конституционное и муниципальное право
463 _0 1 2000
a №4
v С. 12-16
1 2101
d 2018
1 00138823360cde94ff6a406002428a8bcd2
606 a Основная рубрика Конституционное (государственное) право
610 0_ a Ключевые слова ГОСУДАРСТВЕННОЕ ПРАВО
a Ключевые слова КОНСТИТУЦИЯ РФ
a Ключевые слова ПРАВА ЧЕЛОВЕКА
a Ключевые слова РГУП.
700 _1 a Фамилия Колюшин
b Имя Е.И.
801 _0 a Страна RU
b Организация РГУП
c Дата составления 20180814
g Правила каталогизации PSBO
801 _1 a Страна RU
b Организация РГУП
c Дата составления 20180814
g Правила каталогизации PSBO
901 t Тип документа b
w Контрольный № источника 38823360cde94ff6a406002428a8bcd2
905 a Дата ввода 20180814